Guia de suport a les activitats firals locals / direcció i coordinació: Servei de Teixit Productiu Servei de Teixit Productiu
Publicado:
Barcelona :
Diputació de Barcelona. Àrea de Desenvolupament Econòmic. Servei de Teixit Productiu ,
2008
Descripción Física:
123 p. : taules ; 29 cm
MARC
| LEADER | 00000nam a2200000Ia 4500 | ||
|---|---|---|---|
| 001 | 21150 | ||
| 008 | 160829s2008 xx 000 0 cat d | ||
| 080 | |a M-6-135 | ||
| 245 | |a Guia de suport a les activitats firals locals / direcció i coordinació: |b Servei de Teixit Productiu | ||
| 260 | |a Barcelona : |b Diputació de Barcelona. Àrea de Desenvolupament Econòmic. Servei de Teixit Productiu, |c 2008 | ||
| 300 | |a 123 p. : |b taules ; |c 29 cm | ||
| 590 | |a Bibliografia. | ||
| 590 | |a Amb la col·laboració de: Federació de Fires de Catalunya | ||
| 650 | |a Fires |x Manuals, guies, etc. |x Barcelona (Província) |9 43133 | ||
| 710 | |a Barcelona (Catalunya : Província). |b Servei de Teixit Productiu |e entitat editora |9 53474 | ||
| 901 | |a Arxiu | ||
| 942 | |n 1 |2 udc | ||
| 952 | |0 0 |1 0 |4 0 |6 M6135 |7 1 |9 51224 |a Arxiu |b Arxiu |d 2016-12-01 |l 0 |o M-6-135 |p 21150 |r 2016-12-01 00:00:00 |w 2016-12-01 |y ARXIU | ||
| 999 | |c 55067 |d 55067 | ||